| 000 | 00740cam a2200253Ia 4500 | ||
|---|---|---|---|
| 001 | 44145 | ||
| 005 | 20230410120721.0 | ||
| 008 | 900202s1971 sp 000 0 spa d | ||
| 035 | _a(OCoLC)ocm20999224 | ||
| 040 |
_aCOR _cCOR _dEL$ _dOCLCQ _dDRFGD |
||
| 035 | _a(OCoLC)20999224 | ||
| 043 |
_an------ _as------ |
||
| 050 | 1 | 4 |
_aHT 1048 _bG335e 1971 |
| 100 | 1 |
_aGenovese, Eugene D., _d1930-2012. |
|
| 245 | 1 | 0 |
_aEsclavitud y capitalismo / _cEugeme D. Genovese ; traducción castellana de Angel Abad. |
| 260 |
_aBarcelona : _bEdiciones Ariel, _cc1971. |
||
| 300 |
_a179 p. ; _c18 cm. |
||
| 650 | 0 |
_aSlavery _zAmerica. |
|
| 650 | 4 | _aEsclavitud. | |
| 650 | 4 | _aCapitalismo. | |
| 942 |
_2lcc _cbk |
||
| 946 | _almminaya | ||
| 994 |
_aC0 _bDRFGD |
||
| 999 |
_c50462 _d50462 |
||